[Event "FRA-chT1 0910"]
[Site "France"]
[Date "2009.11.22"]
[Round "5.2"]
[White "Suarez Real, Alberto"]
[Black "Crut, Aurelien"]
[Result "1-0"]
[WhiteElo "2395"]
[BlackElo "2309"]
[PlyCount "68"]
[EventDate "2009.09.27"]
[EventType "team-match"]
[EventRounds "11"]
[EventCountry "FRA"]
[Source "ChessBase"]
[SourceDate "2010.02.25"]

1. e4 e6 2. d4 d5 3. Nd2 c5 4. Ngf3 Nf6 5. e5 Nfd7 6. c3 Nc6 7. Bd3 cxd4 8.
cxd4 Qb6 9. O-O Nxd4 10. Nxd4 Qxd4 11. Nf3 Qb6 12. Qa4 Qb4 13. Qc2 Qc5 14. Qe2
Be7 15. Be3 Qa5 16. a3 Qd8 17. Qc2 h6 18. Qa4 Kf8 19. Rac1 g6 20. Rc3 Nb8 21.
Qg4 Kg7 22. b4 a6 23. a4 Nc6 24. b5 axb5 25. axb5 Na5 26. Rd1 Bd7 27. h4 h5 28.
Qg3 Rc8 29. Rxc8 Qxc8 30. Ng5 Be8 31. Bd4 Nb3 32. Bb2 Nc5 33. Rc1 Qd7 34. Bf1
Qd8 1-0

[Event "FRA-chT1 0910"]
[Site "France"]
[Date "2009.11.22"]
[Round "5.3"]
[White "Beikert, Guenther"]
[Black "Guichard, Pauline"]
[Result "1/2-1/2"]
[WhiteElo "2451"]
[BlackElo "2304"]
[PlyCount "134"]
[EventDate "2009.09.27"]
[EventType "team-match"]
[EventRounds "11"]
[EventCountry "FRA"]
[Source "ChessBase"]
[SourceDate "2010.02.25"]

1. e4 c5 2. Nf3 e6 3. c3 Nf6 4. e5 Nd5 5. g3 d6 6. exd6 Bxd6 7. d4 cxd4 8. Nxd4
Nc6 9. Bg2 O-O 10. O-O Be5 11. Nxc6 bxc6 12. Re1 Bf6 13. Nd2 Rb8 14. Ne4 Be7
15. c4 Nf6 16. Qc2 Qc7 17. Bg5 c5 18. Nxf6+ Bxf6 19. Bxf6 gxf6 20. Rad1 Bb7 21.
Bxb7 Qxb7 22. Re2 Rfd8 23. Red2 Qc7 24. Qa4 a5 25. Rxd8+ Rxd8 26. Rxd8+ Qxd8
27. Qc6 Qd1+ 28. Kg2 Qd4 29. h3 Qxc4 30. Qa8+ Kg7 31. Qxa5 Qe4+ 32. Kh2 Qd4 33.
Kg1 Qxb2 34. Qxc5 Qxa2 35. Qd4 Qb1+ 36. Kh2 Qf5 37. Qe3 Qg5 38. Qd4 Qf5 39. Qe3
e5 40. Kg2 Qe6 41. Qe4 f5 42. Qa8 Qc4 43. Qd8 Qe4+ 44. Kh2 h6 45. Qd1 f4 46.
Qg4+ Qg6 47. gxf4 Qxg4 48. hxg4 exf4 49. Kh3 Kf6 50. Kh4 Kg6 51. f3 f6 52. Kh3
Kg5 53. Kg2 h5 54. gxh5 Kxh5 55. Kf1 Kg5 56. Kf2 Kh4 57. Kg2 Kh5 58. Kf1 Kg6
59. Ke2 Kg5 60. Kd3 Kg6 61. Ke2 Kg5 62. Kf2 Kf5 63. Ke2 Ke5 64. Kd3 Kd5 65. Kc3
Ke5 66. Kd3 Kf5 67. Ke2 Ke5 1/2-1/2

[Event "FRA-chT1 0910"]
[Site "France"]
[Date "2009.11.22"]
[Round "5.4"]
[White "Carlier, Bruno"]
[Black "Sorbe, Stephane"]
[Result "1-0"]
[WhiteElo "2397"]
[BlackElo "2340"]
[PlyCount "115"]
[EventDate "2009.09.27"]
[EventType "team-match"]
[EventRounds "11"]
[EventCountry "FRA"]
[Source "ChessBase"]
[SourceDate "2010.02.25"]

1. Nf3 d5 2. g3 Nf6 3. Bg2 Bf5 4. c4 dxc4 5. Na3 c6 6. Nxc4 Nbd7 7. d3 e6 8.
O-O Be7 9. b4 Nb6 10. Na5 Rb8 11. Bd2 O-O 12. Rc1 Bg6 13. Qb3 a6 14. e4 Ne8 15.
Ne5 Nd6 16. Be3 Nd7 17. Nxg6 hxg6 18. d4 Bg5 19. f4 Be7 20. Rfd1 Re8 21. a3 Bf8
22. Bf2 Nb6 23. g4 Nd7 24. e5 Nb5 25. Bxc6 bxc6 26. Nxc6 Qb6 27. d5 Qb7 28. Na5
Qa8 29. dxe6 Nxe5 30. fxe5 Rxe6 31. a4 Na7 32. Rc7 Rxb4 33. Qd5 Rxg4+ 34. Kf1
Qe8 35. Nc4 Nc6 36. Nd6 Bxd6 37. exd6 Nd8 38. d7 Qe7 39. Rc8 Kh7 40. Qc5 Qf6
41. Rxd8 Qxd8 42. Qc8 Re8 43. Qxd8 Rxd8 44. Bb6 Rxd7 45. Rxd7 Rxa4 46. Rxf7 g5
47. Rd7 Ra2 48. Bf2 Kg6 49. Kg2 a5 50. Kf3 a4 51. Bg3 Rc2 52. Ra7 Rc4 53. Ke3
Kf6 54. Kd3 Rg4 55. Ra6+ Kf5 56. Ra5+ Kg6 57. Rc5 Kh5 58. Rc4 1-0

[Event "FRA-chT1 0910"]
[Site "France"]
[Date "2009.11.22"]
[Round "5.4"]
[White "De Labaca, Romuald"]
[Black "Dobrev, Nanko"]
[Result "0-1"]
[WhiteElo "2212"]
[BlackElo "2403"]
[PlyCount "188"]
[EventDate "2009.09.27"]
[EventType "team-match"]
[EventRounds "11"]
[EventCountry "FRA"]
[Source "ChessBase"]
[SourceDate "2010.02.25"]
[BlackTeam "Grasse Echecs"]

1. e4 e5 2. Nf3 Nc6 3. Bb5 a6 4. Ba4 Nf6 5. O-O Be7 6. Re1 b5 7. Bb3 d6 8. c3
O-O 9. d4 Bg4 10. Be3 exd4 11. cxd4 d5 12. e5 Ne4 13. h3 Bh5 14. Nc3 Bb4 15.
Rc1 Nxc3 16. bxc3 Ba3 17. Rb1 Na5 18. Bc2 Nc4 19. Bf5 Bxf3 20. Qxf3 Nxe3 21.
Rxe3 g6 22. Bc2 Be7 23. Ree1 c5 24. dxc5 Rc8 25. Rbd1 Rxc5 26. Bb3 Qc7 27. Rxd5
Rxc3 28. Qg4 Rc1 29. Rxc1 Qxc1+ 30. Rd1 Qc5 31. Rd5 Qc1+ 32. Rd1 Qc7 33. Qf4
Ba3 34. Qd4 Bc5 35. Qb2 Re8 36. Re1 Be7 37. Qd4 Bf6 38. f4 Bh4 39. Rf1 Rd8 40.
Qe3 Be7 41. Rc1 Qb7 42. Kh1 a5 43. Rb1 Qc6 44. Rc1 Rd3 45. Rxc6 Rxe3 46. Rc7
Bh4 47. Bxf7+ Kf8 48. g3 Bxg3 49. Be6 g5 50. f5 Bxe5 51. Rf7+ Ke8 52. Rxh7 b4
53. Kg2 Rg3+ 54. Kf2 Ra3 55. Bd7+ Kd8 56. Be6 a4 57. Rd7+ Ke8 58. Rb7 Rxh3 59.
Rxb4 a3 60. Re4 Bf6 61. Kg2 Rc3 62. Rc4 Re3 63. Ra4 Ke7 64. Kf2 Rh3 65. Kg2 Rc3
66. Rc4 Re3 67. Ra4 Bb2 68. Kf2 Rd3 69. Ke2 Rh3 70. Ra6 Rc3 71. Ra4 Kf6 72. Re4
Rh3 73. Kf2 Be5 74. Ra4 Rg3 75. Re4 Rd3 76. Ke2 Rh3 77. Re3 Rh2+ 78. Kf3 Rh4
79. Re4 Rh3+ 80. Ke2 Bf4 81. Kf2 Rg3 82. Ke2 Bd6 83. Kf2 Rc3 84. Kg2 Rc1 85.
Kf3 Rc2 86. Rd4 Rc3+ 87. Kg2 Bf4 88. Re4 Kg7 89. Rc4 Re3 90. Kf2 Kh6 91. Rb4
Re5 92. Rb3 g4 93. Rxa3 Kg5 94. Rc3 Bd2 0-1

[Event "FRA-chT1 0910"]
[Site "France"]
[Date "2009.11.22"]
[Round "5.4"]
[White "Justo, Damian"]
[Black "Gervais, Victor"]
[Result "0-1"]
[WhiteElo "2320"]
[BlackElo "2313"]
[PlyCount "120"]
[EventDate "2009.09.27"]
[EventType "team-match"]
[EventRounds "11"]
[EventCountry "FRA"]
[Source "ChessBase"]
[SourceDate "2010.02.25"]

1. d4 Nf6 2. Nf3 d6 3. Nc3 Bf5 4. Nh4 Bd7 5. e4 e5 6. Nf3 Nc6 7. Be2 g6 8. d5
Ne7 9. Bg5 Nh5 10. Ng1 h6 11. Bh4 Nf4 12. Bf6 Rh7 13. Bf3 Qc8 14. Bxe7 Bxe7 15.
h4 Kf8 16. g3 Nh5 17. Bxh5 gxh5 18. a4 a6 19. a5 b6 20. Qd3 bxa5 21. Rxa5 Qb7
22. Ra2 Kg7 23. Nge2 Rhh8 24. O-O Bh3 25. Rfa1 Rhg8 26. Kh2 Bd7 27. Nd1 Kh7 28.
Ne3 Rg7 29. Nf5 Bxf5 30. exf5 Bf6 31. Nc3 Rag8 32. Ne4 Bd8 33. f6 Rg6 34. c4
Kh8 35. Qf3 Qb6 36. b3 Rg4 37. Re1 R8g6 38. Re3 Qd4 39. Rxa6 Bxf6 40. Nxf6
Rxh4+ 41. Kg2 Kg7 42. Re4 Rxe4 43. Nxe4 h4 44. Rc6 hxg3 45. Nxg3 Qa7 46. Kh3
Qb7 47. Qf5 Rg5 48. Qd7 Qxb3 49. Kg2 e4 50. Rxc7 Qf3+ 51. Kg1 e3 52. Qxf7+ Qxf7
53. Rxf7+ Kxf7 54. Kf1 exf2 55. Ne4 Rg6 56. Kxf2 h5 57. c5 dxc5 58. Nxc5 h4 59.
Ne4 h3 60. Ng3 h2 0-1

[Event "FRA-chT1 0910"]
[Site "France"]
[Date "2009.11.22"]
[Round "5.5"]
[White "Pellisseri, Michel"]
[Black "Bressac, Stephane"]
[Result "0-1"]
[WhiteElo "2100"]
[BlackElo "2144"]
[PlyCount "140"]
[EventDate "2009.09.27"]
[EventType "team-match"]
[EventRounds "11"]
[EventCountry "FRA"]
[Source "ChessBase"]
[SourceDate "2010.02.25"]

1. d4 d5 2. c4 c6 3. Nc3 Nf6 4. Nf3 dxc4 5. a4 Bf5 6. e3 e6 7. Ne5 Nbd7 8. Nxc4
Bb4 9. Bd3 Bxd3 10. Qxd3 Nc5 11. Qc2 Nb3 12. Rb1 Qd5 13. O-O Nxc1 14. Rfxc1
Bxc3 15. bxc3 c5 16. Rxb7 O-O 17. Rbb1 Qc6 18. Qd1 Rfd8 19. Ne5 Qe4 20. Qf3
cxd4 21. cxd4 Rdc8 22. Qxe4 Nxe4 23. Rxc8+ Rxc8 24. Nd7 Nc3 25. Ra1 Nxa4 26. h3
Rc7 27. Nb8 Nc3 28. Na6 Rb7 29. Ra3 Ne4 30. Ra2 h5 31. g3 g5 32. Kg2 g4 33.
hxg4 hxg4 34. f3 Nc3 35. Rc2 Nd5 36. Rc8+ Kg7 37. fxg4 Rb2+ 38. Kf3 Rb3 39. Nc5
Rxe3+ 40. Kf2 Ra3 41. Rd8 Nf6 42. g5 Ng4+ 43. Kg2 Ne3+ 44. Kf2 Nd5 45. Rd7 Kg6
46. Ne4 Ra4 47. Nd6 a5 48. Nxf7 Rxd4 49. Ne5+ Kf5 50. Nf3 Rb4 51. Rf7+ Kg6 52.
Ra7 Rb2+ 53. Kg1 Ra2 54. Ra6 Kf5 55. Nd4+ Kxg5 56. Nxe6+ Kg4 57. Nd4 Kxg3 58.
Kf1 Kf4 59. Rd6 Ne3+ 60. Ke1 Nc4 61. Ne2+ Kf5 62. Nd4+ Kf4 63. Ne2+ Kg5 64. Rc6
Ra1+ 65. Kf2 Ne5 66. Rc5 Kf5 67. Ke3 Ra3+ 68. Kd2 Ke6 69. Nd4+ Kd6 70. Rd5+
Kxd5 0-1

[Event "FRA-chT1 0910"]
[Site "France"]
[Date "2009.11.22"]
[Round "5.6"]
[White "Sondermann, Johannes"]
[Black "Debray, Christopher"]
[Result "0-1"]
[WhiteElo "2081"]
[BlackElo "2362"]
[PlyCount "48"]
[EventDate "2009.09.27"]
[EventType "team-match"]
[EventRounds "11"]
[EventCountry "FRA"]
[Source "ChessBase"]
[SourceDate "2010.02.25"]

1. e4 c5 2. Nf3 e6 3. c3 Nf6 4. e5 Nd5 5. d4 cxd4 6. cxd4 d6 7. a3 Nc6 8. Bd3
Be7 9. Bc2 b6 10. Ba4 Bb7 11. O-O O-O 12. Re1 Rc8 13. Qd3 dxe5 14. dxe5 Qc7 15.
Nc3 Nxc3 16. Qxc3 Na5 17. Qxc7 Rxc7 18. Bg5 Bxg5 19. Nxg5 Rc4 20. Bd1 b5 21.
Nf3 Rd8 22. b4 Bxf3 23. Bxf3 Nb3 24. Rad1 Rxd1 0-1

[Event "FRA-chT1 0910"]
[Site "France"]
[Date "2009.11.22"]
[Round "5.8"]
[White "Husson, Cybele"]
[Black "Bonvalot, Isabelle"]
[Result "0-1"]
[WhiteElo "2041"]
[BlackElo "1904"]
[PlyCount "132"]
[EventDate "2009.09.27"]
[EventType "team-match"]
[EventRounds "11"]
[EventCountry "FRA"]
[Source "ChessBase"]
[SourceDate "2010.02.25"]

1. e4 g6 2. d4 Bg7 3. Be3 d6 4. Nc3 a6 5. Be2 Nd7 6. f4 b5 7. e5 Nb6 8. b3 b4
9. Ne4 f5 10. exf6 Nxf6 11. Bf3 Rb8 12. Qd2 Nfd5 13. Bf2 O-O 14. Ne2 c5 15. c3
bxc3 16. N4xc3 Nxc3 17. Nxc3 c4 18. bxc4 Qc7 19. Rc1 Nxc4 20. Qd1 Kh8 21. O-O
e6 22. Ne4 d5 23. Ng5 Qxf4 24. Bg3 Qxd4+ 25. Kh1 Qxd1 26. Rfxd1 Rb2 27. Re1 Nd2
28. Bg4 Rxa2 29. Nxe6 Bxe6 30. Bxe6 Ra5 31. Rc6 Ne4 32. Rec1 Nxg3+ 33. hxg3 Be5
34. Kh2 Ra3 35. Bxd5 Bxg3+ 36. Kg1 a5 37. Bf3 Re8 38. Ra6 Rae3 39. Ra8 a4 40.
Kf1 a3 41. Bd5 Rxa8 42. Bxa8 h5 43. Rd1 Kg7 44. Bd5 Kf6 45. Bg8 h4 46. Rb1 Re5
47. Ra1 g5 48. Bc4 Kf5 49. Bd3+ Kf4 50. Be2 Re3 51. Bb5 Ke4 52. Bd7 Kd4 53. Rc1
Kd3 54. Bf5+ Kd2 55. Ra1 Re1+ 56. Rxe1 Bxe1 57. Be6 Bg3 58. Bg4 Kc3 59. Be6 Kb2
60. Ke2 a2 61. Bxa2 Kxa2 62. Kf1 Kb2 63. Ke2 Kc3 64. Kf1 Kd3 65. Kg1 Ke3 66.
Kf1 Bf2 0-1

[Event "FRA-chT1 0910"]
[Site "France"]
[Date "2009.11.22"]
[Round "5.8"]
[White "Nadin, Stephanie"]
[Black "Wasylyk, Laure"]
[Result "0-1"]
[WhiteElo "1814"]
[BlackElo "2006"]
[PlyCount "138"]
[EventDate "2009.09.27"]
[EventType "team-match"]
[EventRounds "11"]
[EventCountry "FRA"]
[Source "ChessBase"]
[SourceDate "2010.02.25"]

1. d4 d5 2. c4 e6 3. Nf3 Nf6 4. Bg5 Be7 5. Nc3 O-O 6. e3 Nbd7 7. Bd3 h6 8. Bh4
dxc4 9. Bxc4 c6 10. O-O Qc7 11. Rc1 Bd6 12. Bd3 a6 13. Bxf6 Nxf6 14. e4 Be7 15.
Bb1 Nd7 16. Re1 e5 17. d5 c5 18. a4 Bd6 19. h3 Qa5 20. Qe2 Rb8 21. Kh1 b5 22.
axb5 axb5 23. Bc2 c4 24. Ra1 Qb6 25. Rg1 Bc5 26. Nd1 Re8 27. Nh4 g6 28. g4 Qf6
29. Nf3 Nf8 30. Ne3 Nh7 31. b3 c3 32. Ra5 Bxe3 33. Qxe3 b4 34. Rga1 Qb6 35.
Qxb6 Rxb6 36. Rd1 Bd7 37. Ra7 Nf8 38. Kg2 f6 39. Ne1 Reb8 40. Nd3 R6b7 41. Rxb7
Rxb7 42. Ra1 Kf7 43. Kg3 Rb6 44. Ra7 g5 45. f3 Ke8 46. Nc5 Rb5 47. Nd3 Rb6 48.
Kf2 Kd8 49. Ra8+ Ke7 50. Ra7 Kd6 51. Ke1 Ng6 52. Ra8 Nf4 53. Nf2 h5 54. Ra7 h4
55. Kd1 Ke7 56. Bd3 Kd8 57. Kc2 Kc8 58. Bc4 Be8 59. Ba6+ Kb8 60. Re7 Rxa6 61.
Rxe8+ Kc7 62. Kb1 Ra3 63. Nd1 Rxb3+ 64. Kc2 Ra3 65. Re7+ Kc8 66. d6 Ra2+ 67.
Kb3 Rd2 68. Rc7+ Kd8 69. Nxc3 bxc3 0-1

[Event "FRA-chT1 0910"]
[Site "France"]
[Date "2009.12.12"]
[Round "6.1"]
[White "Leroy, Brice"]
[Black "Kulaots, Kaido"]
[Result "1-0"]
[WhiteElo "2303"]
[BlackElo "2584"]
[PlyCount "101"]
[EventDate "2009.09.27"]
[EventType "team-match"]
[EventRounds "11"]
[EventCountry "FRA"]
[Source "ChessBase"]
[SourceDate "2010.02.25"]
[BlackTeam "Gif/yvette"]

1. e4 c5 2. Nf3 d6 3. d4 Nf6 4. Nc3 cxd4 5. Nxd4 a6 6. Bg5 e6 7. g4 h6 8. Bh4
Nbd7 9. Bg2 Qb6 10. Rb1 g5 11. Bg3 Ne5 12. h3 Bd7 13. Nf3 Qc5 14. O-O Be7 15.
Ne1 h5 16. Nd3 Qc7 17. Nxe5 dxe5 18. Bf3 hxg4 19. hxg4 b5 20. a3 a5 21. Qd3 Rb8
22. Ne2 b4 23. axb4 axb4 24. c4 Rd8 25. Qe3 Rg8 26. Nc1 Bc5 27. Qe2 Bc6 28. Nd3
Nd7 29. Rfd1 f6 30. Nxc5 Nxc5 31. Qe3 Rxd1+ 32. Rxd1 Ba4 33. Ra1 Ke7 34. Bd1
Bxd1 35. Rxd1 Nd7 36. Qd2 Rb8 37. f3 b3 38. Bf2 Qc6 39. Qa5 Rb7 40. c5 Qc7 41.
Qa3 Kf7 42. Rd6 Ra7 43. Qb4 Ra1+ 44. Kg2 Kg6 45. c6 Nf8 46. Rd2 Qh7 47. Bg1 Qh4
48. Re2 Kf7 49. Qb7+ Kg6 50. c7 Kh6 51. Qa7 1-0

[Event "FRA-chT1 0910"]
[Site "France"]
[Date "2009.12.12"]
[Round "6.2"]
[White "Fayard, Alain"]
[Black "Gharamian, Tigran"]
[Result "0-1"]
[WhiteElo "2253"]
[BlackElo "2614"]
[PlyCount "118"]
[EventDate "2009.09.27"]
[EventType "team-match"]
[EventRounds "11"]
[EventCountry "FRA"]
[Source "ChessBase"]
[SourceDate "2010.02.25"]
[BlackTeam "Cappelle"]

1. d4 e6 2. Nf3 c5 3. c4 cxd4 4. Nxd4 a6 5. g3 Qc7 6. Nd2 b6 7. Bg2 Bb7 8. e4
Bc5 9. N2b3 Nf6 10. O-O Be7 11. Qe2 d6 12. Bd2 Nbd7 13. Bb4 O-O 14. Rac1 Rfe8
15. Rfd1 Nc5 16. Nd2 Rac8 17. Ba3 Qb8 18. b3 Qa8 19. f3 Bf8 20. Nf1 Qb8 21. Bb2
Ncd7 22. Re1 g6 23. g4 Bh6 24. Rcd1 e5 25. Nc2 b5 26. cxb5 axb5 27. Nb4 Nc5 28.
Ne3 Ba8 29. Bf1 Ne6 30. Ng2 Re7 31. h4 Nf4 32. Nxf4 Bxf4 33. Kg2 Ne8 34. Bc1
Bxc1 35. Rxc1 Nc7 36. Qc2 Ree8 37. Qd3 Ne6 38. Qd2 Qb6 39. Qf2 Qa5 40. Nd3 Bb7
41. Red1 Nd4 42. Kg3 Ra8 43. Rd2 Rec8 44. Rcd1 Rc3 45. Kh2 Rac8 46. h5 Rc2 47.
Ne1 Rxd2 48. Rxd2 Rc1 49. Kg3 Qc3 50. Bd3 Ra1 51. hxg6 hxg6 52. Qe3 Qa5 53. b4
Qxb4 54. Nc2 Rg1+ 55. Qxg1 Qxd2 56. Nxd4 Qxd3 57. Nb3 Bxe4 58. Qf2 Bd5 59. Nc1
Qa3 0-1

[Event "FRA-chT1 0910"]
[Site "France"]
[Date "2009.12.12"]
[Round "6.2"]
[White "Inkiov, Ventzislav"]
[Black "Pham Minh Hoang"]
[Result "1/2-1/2"]
[WhiteElo "2472"]
[BlackElo "2486"]
[PlyCount "88"]
[EventDate "2009.09.27"]
[EventType "team-match"]
[EventRounds "11"]
[EventCountry "FRA"]
[Source "ChessBase"]
[SourceDate "2010.02.25"]
[WhiteTeam "Migne"]
[BlackTeam "Sautron"]

1. d4 Nf6 2. c4 e6 3. Nf3 b6 4. g3 Ba6 5. Qa4 Bb7 6. Bg2 c5 7. dxc5 Bxc5 8. Nc3
Ne4 9. Nxe4 Bxe4 10. O-O Qf6 ({RR} 10... O-O 11. Bf4 Qc8 ({RR} 11... Nc6 12.
Rad1 Qe7 13. Ne1 Bxg2 14. Kxg2 Rfd8 15. e4 Rac8 16. Nf3 h6 17. h4 d6 18. a3 a5
19. Rd3 Qf6 20. Rb1 e5 21. Be3 Qg6 22. Nd2 Bxe3 23. Rxe3 Nd4 24. Rbe1 Rf8 25.
Nf3 f5 26. Nxd4 {Bacrot,E (2714)-Morchiashvili,B (2345)/Rijeka 2010/CBM 136/1/
2-1/2 (55)}) 12. Rfd1 Rd8 13. Nd4 Bxg2 14. Kxg2 a6 15. Nb3 Be7 16. Bd6 Bxd6 17.
Rxd6 Qc7 18. Rad1 h6 19. f3 Ra7 20. R6d2 Nc6 21. c5 b5 22. Qe4 Ne5 23. Rc2 Nc4
24. Qd4 Raa8 25. Rd3 {Huebner,R (2615)-Timman,J (2639)/Venlo 2000/CBM 079/1/
2-1/2 (44)}) 11. Ng5 $146 ({RR} 11. Bf4 Qxb2 12. Be5 Qb4 13. Qxb4 Bxb4 14. Bxg7
Rg8 15. Bf6 d6 16. Rad1 Nd7 17. Bb2 Rc8 18. Rd4 f5 19. Rc1 Ke7 20. Ne1 Bxe1 21.
Rxe1 e5 22. Bxe4 exd4 23. Bxf5 Rxc4 24. e3 Nf8 25. exd4+ Kf7 {Inkiov,V (2445)
-Le Roux,J (2275)/Guingamp 2001/EXT 2003/1-0 (61)}) 11... Bxg2 12. Kxg2 O-O (
12... Nc6 13. Qc2 h6 14. Ne4 Qf5 15. Rd1 O-O $11) 13. Qc2 g6 14. Qd3 Qd4 15.
Qxd4 Bxd4 16. Rd1 Nc6 17. Nf3 Bf6 18. Rxd7 Rfd8 19. Rc7 Nb4 20. Bg5 Kg7 21. c5
Na6 22. Rc6 Nxc5 23. Bxf6+ Kxf6 24. Rc1 Rd7 25. Rc4 Rad8 26. b4 Na6 27. Rf4+
Kg7 28. Ne5 Rb7 29. Nd3 Rd5 30. a4 Nb8 31. Rc8 Nd7 32. b5 Nc5 33. Nxc5 Rxc5 34.
Rxc5 bxc5 35. Rc4 Rc7 36. Kf3 f5 37. Ke3 Kf6 38. Kd3 Ke5 39. Kc3 Kd5 40. Kb3 e5
41. Rc2 c4+ 42. Kb4 g5 43. Ra2 Ke4 44. Kc3 f4 1/2-1/2

[Event "FRA-chT1 0910"]
[Site "France"]
[Date "2009.12.12"]
[Round "6.3"]
[White "Polaczek, Richard"]
[Black "San Emeterio Cabanes, Jose Luis"]
[Result "1/2-1/2"]
[WhiteElo "2381"]
[BlackElo "2393"]
[PlyCount "136"]
[EventDate "2009.09.27"]
[EventType "team-match"]
[EventRounds "11"]
[EventCountry "FRA"]
[Source "ChessBase"]
[SourceDate "2010.02.25"]

1. d4 Nf6 2. Bg5 Ne4 3. Bf4 c5 4. f3 Qa5+ 5. c3 Nf6 6. Nd2 cxd4 7. Nb3 Qd8 8.
cxd4 a5 9. Rc1 d6 10. e4 a4 11. Nd2 Bd7 12. Ne2 g6 13. Nc3 Bg7 14. Be3 O-O 15.
Be2 Na6 16. O-O Nc7 17. Nc4 Ra6 18. Na3 Ra5 19. d5 b5 20. Nc2 Na6 21. a3 Nc5
22. Nd4 Qb6 23. Na2 e6 24. Nb4 exd5 25. exd5 Re8 26. Bf2 Raa8 27. Re1 Qb7 28.
Rc2 Nxd5 29. Nxb5 Bxb5 30. Nxd5 Nd3 31. Bxd3 Qxd5 32. Be2 Qxd1 33. Rxd1 Rac8
34. Rxc8 Rxc8 35. Bd4 Bh6 36. Kf2 f5 37. Bd3 Bxd3 38. Rxd3 Rc2+ 39. Kf1 Rc1+
40. Kf2 Rc2+ 41. Kf1 Bf4 42. h3 Kf7 43. b3 axb3 44. Rxb3 Ra2 45. Rb7+ Ke6 46.
Rxh7 Kd5 47. Bf2 Rxa3 48. Rg7 Ra1+ 49. Ke2 Ra2+ 50. Kf1 g5 51. g3 Bc1 52. h4
gxh4 53. gxh4 Ke5 54. h5 Ra8 55. Bg3+ f4 56. Be1 Kd4 57. Rc7 Bb2 58. Rc2 Ba1
59. h6 Ke5 60. h7 Rf8 61. Rh2 Kf5 62. Ke2 Kg6 63. Kd3 Re8 64. Bd2 Rh8 65. Bxf4
Rxh7 66. Rxh7 Kxh7 67. Bxd6 Kg6 68. Ke4 Bf6 1/2-1/2

[Event "FRA-chT1 0910"]
[Site "France"]
[Date "2009.12.12"]
[Round "6.4"]
[White "Goldgewicht, Lionel"]
[Black "Lerch, Patrice"]
[Result "0-1"]
[WhiteElo "2360"]
[BlackElo "2322"]
[PlyCount "122"]
[EventDate "2009.09.27"]
[EventType "team-match"]
[EventRounds "11"]
[EventCountry "FRA"]
[Source "ChessBase"]
[SourceDate "2010.02.25"]

1. e4 c5 2. c3 d6 3. d4 Nf6 4. Bd3 g6 5. h3 Bg7 6. Nf3 O-O 7. O-O Qc7 8. d5
Nbd7 9. c4 e5 10. dxe6 fxe6 11. Nc3 a6 12. Re1 Nh5 13. Be3 Ne5 14. Nxe5 Bxe5
15. Qd2 Bd7 16. Rad1 Rad8 17. Be2 Nf4 18. Bf1 Bc6 19. g3 Nh5 20. Bg2 b5 21.
cxb5 axb5 22. Ne2 Qb7 23. Qc2 Qa8 24. b3 Rf7 25. f4 Bg7 26. g4 Nf6 27. Ng3 Ne8
28. Rd2 Rc8 29. Red1 c4 30. bxc4 Bb7 31. c5 dxc5 32. Qb3 c4 33. Qxb5 Qa3 34.
Bf2 c3 35. Rd8 c2 36. Rxe8+ Rxe8 37. Qxe8+ Rf8 38. Qxe6+ Kh8 39. Qd7 Rxf4 40.
Qd8+ Rf8 41. Qd2 cxd1=R+ 42. Qxd1 Be5 43. Qb3 Qxb3 44. axb3 Ra8 45. Bf1 Ra2 46.
Bc4 Rb2 47. g5 Kg7 48. h4 Bc6 49. Be6 h6 50. gxh6+ Kxh6 51. Bc4 Bxg3 52. Bxg3
Kh5 53. Be6 Bxe4 54. Kf1 Bd3+ 55. Kg1 Bc2 56. Bf2 Bxb3 57. Bxb3 Rxb3 58. Kg2
Kg4 59. Be1 Rb2+ 60. Bf2 Rxf2+ 61. Kxf2 Kxh4 0-1

[Event "FRA-chT1 0910"]
[Site "France"]
[Date "2009.12.12"]
[Round "6.4"]
[White "Wittmann, Marc"]
[Black "Pujos, Stephane"]
[Result "0-1"]
[WhiteElo "2258"]
[BlackElo "2301"]
[PlyCount "132"]
[EventDate "2009.09.27"]
[EventType "team-match"]
[EventRounds "11"]
[EventCountry "FRA"]
[Source "ChessBase"]
[SourceDate "2010.02.25"]

1. e4 Nf6 2. e5 Nd5 3. d4 Nb6 4. Nf3 d5 5. Bd3 Bg4 6. b3 e6 7. O-O c5 8. Bb5+
Nc6 9. Ba3 cxd4 10. Bxf8 Kxf8 11. Bxc6 bxc6 12. Qxd4 Bxf3 13. gxf3 Nd7 14. f4
Qh4 15. Qe3 g5 16. fxg5 h6 17. g6 Rg8 18. f4 Rxg6+ 19. Kh1 Ke7 20. Nd2 Rag8 21.
Rg1 Rg4 22. c4 d4 23. Rxg4 Qxg4 24. Qf3 c5 25. Rf1 a5 26. Ne4 h5 27. Qxg4 Rxg4
28. h3 Rg8 29. Rg1 Rb8 30. Nd6 Kf8 31. Rg5 h4 32. Rh5 Kg7 33. Rxh4 f6 34. Rg4+
Kf8 35. Rh4 Kg7 36. Ne4 fxe5 37. fxe5 Kg6 38. Rf4 a4 39. bxa4 Rb4 40. Kg2 Rxa4
41. h4 Rxa2+ 42. Kg3 Ra3+ 43. Kg2 Ra5 44. Ng5 Ra2+ 45. Kf1 Ra6 46. Ne4 Rc6 47.
h5+ Kxh5 48. Nf6+ Kg5 49. Rf3 Nxe5 50. Ne4+ Kg4 51. Rf6 Nxc4 52. Nf2+ Kg5 53.
Ne4+ Kh5 54. Kf2 Ne5 55. Kg3 c4 56. Kh3 Ng6 57. Ng3+ Kh6 58. Nf5+ Kg5 59. Nxd4
Rd6 60. Rxe6 Rxd4 61. Kg3 Rd3+ 62. Kf2 Kf5 63. Rc6 Ne5 64. Rc5 Ke4 65. Ke2 Kd4
66. Ra5 c3 0-1

[Event "FRA-chT1 0910"]
[Site "France"]
[Date "2009.12.12"]
[Round "6.5"]
[White "Nass, Emile"]
[Black "Nelis, Jean Francois"]
[Result "1-0"]
[WhiteElo "2220"]
[BlackElo "2235"]
[PlyCount "137"]
[EventDate "2009.09.27"]
[EventType "team-match"]
[EventRounds "11"]
[EventCountry "FRA"]
[Source "ChessBase"]
[SourceDate "2010.02.25"]

1. d4 Nf6 2. Nf3 g6 3. c4 Bg7 4. g3 d5 5. cxd5 Nxd5 6. Bg2 Nb6 7. O-O Nc6 8. e3
O-O 9. Nc3 Re8 10. b3 e5 11. Nxe5 Nxe5 12. dxe5 Qxd1 13. Rxd1 Bxe5 14. Bb2 Bg4
15. Rd2 Rad8 16. Ne4 Rxd2 17. Bxe5 Rxe5 18. Nxd2 c6 19. Ne4 Kg7 20. Nd6 Re7 21.
a4 a5 22. h3 Be6 23. Rb1 Rd7 24. Ne4 Bf5 25. g4 Bxe4 26. Bxe4 g5 27. Kg2 h6 28.
h4 Nd5 29. hxg5 hxg5 30. Rc1 Nf6 31. Bf5 Rd6 32. e4 Rd4 33. f3 Ne8 34. Rc5 Rb4
35. Rxa5 Rxb3 36. Bd7 Nd6 37. Rxg5+ Kf6 38. Rc5 Ke7 39. Bf5 f6 40. e5 fxe5 41.
Rxe5+ Kf8 42. Bd7 Ra3 43. Re6 Nf7 44. Bc8 Nd8 45. Re4 c5 46. Kg3 b6 47. Bd7 Nf7
48. Bc6 Nd6 49. Re1 c4 50. Kf4 Rd3 51. Be4 Rd2 52. Rb1 c3 53. Rxb6 Rd4 54. Ke5
Rxe4+ 55. Kxd6 Rf4 56. Ke5 Rxf3 57. Rc6 Rg3 58. Kf6 Rf3+ 59. Kg6 Rf4 60. g5
Rxa4 61. Rc8+ Ke7 62. Rxc3 Re4 63. Rf3 Re1 64. Kg7 Re2 65. g6 Re4 66. Kg8 Rg4
67. g7 Rg2 68. Rh3 Kf6 69. Kh8 1-0

[Event "FRA-chT1 0910"]
[Site "France"]
[Date "2009.12.12"]
[Round "6.5"]
[White "Plane, Boris"]
[Black "Seret, Jean Luc"]
[Result "0-1"]
[WhiteElo "2167"]
[BlackElo "2384"]
[PlyCount "112"]
[EventDate "2009.09.27"]
[EventType "team-match"]
[EventRounds "11"]
[EventCountry "FRA"]
[Source "ChessBase"]
[SourceDate "2010.02.25"]

1. e4 d6 2. d4 Nf6 3. Nc3 Nbd7 4. Nf3 e5 5. Bc4 Be7 6. h3 c6 7. a4 O-O 8. Be3
b6 9. Qd2 a6 10. O-O Bb7 11. d5 cxd5 12. exd5 Re8 13. g4 Bf8 14. Ng5 e4 15. f3
Ne5 16. Be2 exf3 17. Nxf3 Ng6 18. Rae1 Rc8 19. Nd4 Rxc3 20. bxc3 Ne4 21. Qd3
Qh4 22. Bf2 Nxf2 23. Rxf2 Nf4 24. Rxf4 Qxe1+ 25. Rf1 Qh4 26. Qf3 Qe7 27. Rf2 g6
28. Nc6 Qc7 29. a5 bxa5 30. Nxa5 Bc8 31. Nc4 a5 32. Nd2 Bg7 33. Ne4 f5 34. Ng5
Qxc3 35. Qxc3 Bxc3 36. Rg2 f4 37. Bc4 Re1+ 38. Kf2 Re5 39. Nf3 Re4 40. Bd3 Rb4
41. Ng5 Bb7 42. Ne4 Rxe4 43. Bxe4 a4 44. g5 a3 45. Kf3 a2 46. Rg1 a1=Q 47. Rxa1
Bxa1 48. Kxf4 Bc8 49. h4 Bc3 50. Ke3 Be1 51. h5 gxh5 52. c4 Bb4 53. Ke2 Kg7 54.
Kf2 h4 55. Ke2 Bg4+ 56. Kf2 Bc5+ 0-1